• 首页
  • 本馆介绍
  • 公告通知
  • 最新文献
  • 馆藏检索
  • 电子资源
  • 读者导购
  • 参考咨询
  • 我的图书馆
  • 登录
  • 详细信息显示
  • 放入我的书架
  • 预约/预借图书
  • 作者相关作品
  • 分类相关作品
  • 丛书相关作品
  • 出版社相关作品

书目信息

  • 表格格式
  • 工作单格式
  • 卡片格式
题名:
心灵哲学与文艺美学
    
 
作者: 胡家祥 著
分册:  
出版信息: 北京   中国社会科学出版社  2007
页数: 278页
开本: 25cm
丛书名:
单 册:
中图分类: B84 , I01
科图分类:
主题词: 心灵学--哲学--研究 , 文艺美学--研究 , 心灵学 , 哲学 , 文艺美学
电子资源:
ISBN: 978-7-5004-6597-3
000 00869nam0 2200289 45
001 1033058109
005 20100407171743.07
010    @a978-7-5004-6597-3@dCNY36.00
100    @a20100401d2007 em y0chiy50 ea
101 0  @achi
102    @aCN@b110000
105    @ay z 000yy
106    @ar
200 1  @a心灵哲学与文艺美学@AXin Ling Zhe Xue Yu Wen Yi Mei Xue@f胡家祥著@FHu Jia Xiang Zhu
210    @a北京@c中国社会科学出版社@d2007
215    @a278页@d25cm
330    @a本书记录了笔者跋涉的足迹,主体部分是哲学、美学与文艺学三层次的系列论稿,附录部分收入几则治学礼记。
606 0  @a心灵学@x哲学@x研究
606 0  @a文艺美学@x研究
606 0  @a心灵学
606 0  @a哲学
606 0  @a文艺美学
690    @aB84@v4
690    @aI01@v4
701  0 @a胡家祥@AHu Jia Xiang@f(1954~)@4著
801  0 @aCN@bTANGWEI@c20100407
905    @b0587934-38@dB84@e972@f5
    
    心灵哲学与文艺美学/胡家祥著.-北京:中国社会科学出版社,2007
    278页;25cm
    
    
    ISBN 978-7-5004-6597-3:CNY36.00
    本书记录了笔者跋涉的足迹,主体部分是哲学、美学与文艺学三层次的系列论稿,附录部分收入几则治学礼记。
●
相关链接 在E读中查询图书 在五车中查询图书 在当当中查询图书 在豆瓣中查询图书


正题名:心灵哲学与文艺美学     索取号:B84/972         预约/预借

序号 登录号 条形码 馆藏地/架位号 状态 备注
1 0587934   205879343   第一样本阅览室/ [索取号:B84/972] 在馆    
2 0587935   205879352   第一借阅区/ [索取号:B84/972] 在馆    
3 0587936   205879361   第一借阅区/ [索取号:B84/972] 在馆    
4 0587937   205879370   第一借阅区/ [索取号:B84/972] 在馆    
5 0587938   205879389   第一借阅区/ [索取号:B84/972] 在馆    
6 1051963   210519633   第一借阅区/ [索取号:B84/972] 在馆    
7 1051964   210519642   第一借阅区/ [索取号:B84/972] 在馆    
唐山师范学院图书馆 欢迎您!
大连网信软件有限公司© 版权所有